000 00516nam a2200217Ia 4500
003 OSt
005 20221005132109.0
006 a|||||r|||| 00| 0
007 ta
008 221004b |||||||| |||| 00| 0 eng d
024 _a117868
037 _cTextual
040 _aCRL
_cCRL
_beng
041 _2eng
_aeng
100 _aSharma Surendra
_9392544
245 0 _aTextbook of Invertebrate zoology
260 _c1971
650 _aZOOLOGY
942 _cTEXL
_2cc
999 _c1062424
_d1062424